Statistics for Random Trivia By Country

Click here to take the quiz!

General Stats

  • This quiz has been taken 583 times
    (581 since last reset)
  • The average score is 17 of 30

Answer Stats

HintAnswer% Correct
EthiopiaWhat is the capital of Ethiopia?Addis Ababa
100%
NetherlandsWhat is the Capital city of the Netherlands?Amsterdam
100%
Which city is home to the U.N.’s International Court of Justice?Amsterdam
100%
Who wrote "Diary of a Young Girl" while hiding from the Nazis in Netherlands?Anne Frank
100%
What is the German highway system called?Autobahn
100%
Which state is Munich is the capital of?Bavaria
100%
GermanyWhat is the Capital city of Germany?Berlin
100%
What Is the Most Popular Sport In Bangladesh?Cricket
100%
Which is the Longest river that flows through Germany?Danube
100%
What is the Official Language of the Netherlands?Dutch
100%
Which tower was built for the 1889 World's Fair in France's Capital?Eiffel Tower
100%
What is The Most Common Religion in Bangladesh?Islam
100%
IndonesiaWhat is The Capital of Indonesia?Jakarta
100%
SpainWhat is the Capital city of Spain?Madrid
100%
Which native Mexican civilization was known for pyramids, calendars, and writing?Maya
100%
MexicoWhat is the Capital City of Mexico?Mexico City
100%
What Countries Border Bangladesh? (Name Any One)Myanmar | India
100%
Who was the First Person to walk on the Moon?Neil Armstrong
100%
IndiaWhat is The Capital of India?New Delhi
100%
What is the most Populous city in the United States?New York City
100%
What is the annual Munich beer festival known as?Oktoberfest
100%
ItalyWhat is the Capital city of Italy?Rome
100%
What is The National Animal of Bangladesh?Royal Bengal Tiger
100%
JapanWhat is the Capital City of Japan?Tokyo
100%
United StatesWhat is the Capital City?Washington D.C
100%
BelgiumWhat is the capital of Belgium?Brussels
94%
Which American President gave the Gettysburg Address?Abraham Lincoln
93%
What is The Official Language of Israel?Hebrew
93%
IsraelWhat is The Capital of Israel?Jerusalem
93%
What mountain has four Presidents carved into its face?Mount Rushmore
93%
What is the official language of Egypt?Arabic
92%
EgyptWhat is the capital of Egypt?Cairo
92%
Which Italian oval amphitheater is one of the wonders of the World?Colosseum
92%
What is The Most popular sport in India?Cricket
92%
What is the Capital of Scotland?Edinburgh
92%
Who led Cuba from 1961 until 2008?Fidel Castro
92%
CubaWhat is the Capital of Cuba?Havana
92%
United KingdomWhat is the Capital of the United Kingdom?London
92%
What is Egypt's only river?Nile
92%
What is the Currency of Cuba?Peso
92%
What is the Official language?Spanish
92%
ChinaWhat is the capital of China?Beijing
91%
What bird went extinct shortly after the Dutch settlement of Mauritius in 1638?Dodo
91%
What is the region of France located in South America called?French Guiana
91%
What country did Iran fight a war against in the 1980s?Iraq
91%
FranceWhat is The Capital city of France?Paris
91%
Which famous bike race takes place in France?Tour de France
91%
BrazilWhat is the Capital City of Brazil?Brasilia
89%
Which City is known as the Financial capital of Germany?Frankfurt
89%
South AfricaWhat is the most populous city in South Africa?Johannesburg
89%
Which is The National Airline of Germany?Lufthansa
89%
What language is mostly spoken in Brazil?Portuguese
89%
TurkeyWhat is the capital of Turkey?Ankara
88%
ArgentinaWhat is the capital city of Argentina?Buenos Aires
88%
What is Turkey's most populous city?Istanbul
88%
What empire had its capital at Tenochtitlan?Aztec
86%
What river was established as the U.S-Mexico border after the Mexican-American War?Rio Grande
86%
What country declared its independence from Mexico in 1836?Texas
86%
What peninsula was struck by an asteroid 66 million years ago
- causing the extinction of the dinosaurs?
Yucatan
86%
What is The Nickname for the Indian film industry?Bollywood
85%
What is The Currency of India?Rupee
85%
What desert covers the majority of the Egypt?Sahara
85%
What famous landmark has a lion's body and a human head?The Great Sphinx
85%
What Mountain Range is located to the North of Italy?Alps
83%
What is Cuba's most famous export product?Cigars
83%
Which Italian astronomer is known as the "father of observational astronomy"?Galileo Galilei
83%
What is the National anthem?God Save The Queen
83%
RussiaWhat is the Capital city of Russia?Moscow
83%
Which Italian City is said to be the Origin of Pizza?Naples
83%
CanadaWhat is the Capital City of Canada?Ottawa
83%
Which is the Longest river in Italy?Po
83%
What is the Official Currency?Pound
83%
MoroccoWhat is the Capital city of Morocco?Rabat
83%
Which is the Largest island in Italy?Sicily
83%
What is the Strait between Morocco and Spain called?Strait of Gibraltar
83%
What is Canada's most populous city?Toronto
83%
Who is the Current President of Russia?Vladimir Putin
83%
What mythological animal is often used to represent China?Dragon
82%
What former British colony was handed back to China in 1997?Hong Kong
82%
Who was the Longest-reigning King of France?Louis XIV
82%
What is the Official language of Iran?Persian
82%
What is the most populous City in Australia?Sydney
82%
IranWhat is the Capital City of Iran?Tehran
82%
What is the biggest city in New England?Boston
80%
BangladeshWhat is the capital of Bangladesh?Dhaka
80%
What is the southernmost major city in the continental U.S.?Miami
80%
KenyaWhat is the Capital city of Kenya?Nairobi
80%
What is the longest River in Brazil?Amazon
78%
Which Belgian City hosted the 1920 Olympics?Antwerp
78%
What was the Capital of West Germany from 1949 - 1990?Bonn
78%
What is Germany's top soccer league known as?Bundesliga
78%
Which Sea Borders Belgium?North Sea
78%
What was the title of the rulers of ancient Egypt?Pharaoh
77%
What canal did Egypt nationalize in 1956, sparking a foreign invasion?Suez
77%
What is the Tallest volcano in Italy?Mount Etna
75%
What Turkish empire was dissolved in 1923?Ottoman Empire
75%
Which University is the oldest in The UK?Oxford
75%
Who is the Current monarch?Queen Elizabeth II
75%
New ZealandWhat is the Capital City of New Zealand?Wellington
75%
Which despotic prison was stormed on July 14, 1789?Bastille
73%
AustraliaWhat is the Capital City of Australia?Canberra
73%
What is the Roman name for France?Gaul
73%
Who was the first leader of communist China?Mao Zedong
73%
Which City is home to Europe's busiest port?Rotterdam
73%
Who was the Main author of the Declaration of Independence?Thomas Jefferson
73%
What flower's prices caused a "mania" in the 17th century?Tulip
73%
Who was the Painter of "The Starry Night"?Vincent Van Gogh
73%
What is the Dutch Speaking Region of Belgium called?Flanders
72%
NigeriaWhat is the Capital city of Nigeria?Abuja
71%
Which is the Largest ethnic Group, starting with I in Eastern Nigeria?Igbo
71%
What is the Most Populous City in Nigeria?Lagos
71%
What is The Highest Mountain in Japan?Mount Fuji
70%
What are the Military nobility of pre-industrial Japan called?Samurai
70%
What is the Traditional afternoon nap or rest called?Siesta
70%
Who was the First Roman emperor?Augustus
67%
What is the Most populous city in Morocco?Casablanca
67%
Who wrote "A Tale of Two Cities"?Charles Dickens
67%
What Bean is Brazil the #1 Producer of?Coffee
67%
What is Morocco's national dish?Couscous
67%
Which salty inland sea is found at 430 meters below sea level?Dead Sea
67%
What is the highest Mountain in the United States?Denali
67%
What disaster struck London in 1666?Great Fire of London
67%
Which is the Most popular spectator sport in Canada?Ice Hockey
67%
PakistanWhat is the Capital City of Pakistan?Islamabad
67%
Which river is found on Israel's eastern border?Jordan
67%
AfghanistanWhat is the capital of Afghanistan?Kabul
67%
What country is completely surrounded by South Africa?Lesotho
67%
What is the The name of Israel's national intelligence agency?Mossad
67%
Who became the first black President of South Africa in 1994?Nelson Mandela
67%
Which Country Colonized Indonesia?Netherlands
67%
What British dominion joined Canada in 1949?Newfoundland
67%
What is The Currency of Russia?Rouble
67%
Which Russian Satellite was the First to orbit Earth?Sputnik
67%
What object appears on The Israeli flag?Star of David
67%
Which Italian Region has Florence as its capital?Tuscany
67%
Which Belgian Town was the Site of Napoleon's last battle?Waterloo
67%
What branch of mathematics is Persian scholar Muhammad ibn Musa al-Khwarizmi considered the "father" of?Algebra
64%
What is China's largest desert?Gobi
64%
What is The Tallest mountain in France?Mont Blanc
64%
What was the former English-language spelling of that city?Peking
64%
What is the national rugby union team called?All Blacks
63%
What is the most populous urban area in New Zealand?Auckland
63%
Who was emperor of Ethiopia from 1930 until 1975?Haile Selassie
63%
What is the currency of Turkey?Lira
63%
In which Year did India Gain Independence?1947
62%
What is Egypt's second largest city?Alexandria
62%
What popular board game is thought to have originated in India before 600 AD?Chess
62%
Which Spanish Region is Barcalona the Capital of?Catalonia
60%
What is the name for Japanese comics?Manga
60%
Which Country Did Bangladesh Gain Independence from?Pakistan
60%
What was the Willis tower earlier known as?Sears Tower
60%
What is the National Language of Kenya?Swahili
60%
What is the Most popular sport?Baseball
58%
Who was the Last Tsar of Russia?Nicholas II
58%
What is the Vast Eastern Region of Russia called?Siberia
58%
Which City is known as the Pearl of the West?Guadalajara
57%
What is the Mexican term for Pro Wrestling?Lucha Libre
57%
What is the nickname for the Nigerian film industry?Nollywood
57%
What edible tuber Nigeria is the world's leading producer of ?Yam
57%
What Celebration is held for five days before Ash Wednesday?Carnival
56%
What is the most populous city ?São Paulo
56%
What is the German word for "Sausage"?Wurst
56%
What is The Religious title of the above?Ayatollah
55%
What country gained its independence from Australia in 1975?Papua New Guinea
55%
Who was the leader of the 1979 revolution in Iran?Ruhollah Khomeini
55%
What is China's longest river?Yangtze
55%
What was Ethiopia known as prior to the 1600s?Abyssinia
50%
What is the Most famous resort island of Indonesia?Bali
50%
What group of seven islands includes Tenerife, Fuerteventura, and Lanzarote?Canary Islands
50%
What crop has its origins in Ethiopia and today is one of the country's largest exports?Coffee
50%
What is the name of the longest river that is entirely situated in Spain?Ebro
50%
What killed over 1 million Ethiopians in the early 1980s?Famine
50%
What is the Term for an Argentinian cowboy?Gaucho
50%
Which robe is worn on formal occasions in Japan?Kimono
50%
What is the second-largest ethnic group in Turkey?Kurds
50%
What is the top Spanish football league called?La Liga
50%
In 1974, the skeleton of an early hominid species from 3.2 million years ago was discovered in Ethiopia.
What female name was this skeleton given?
Lucy
50%
What ethnic group is indigenous to New Zealand?Māori
50%
What city served as the capital of the former Saadi dynasty?Marrakesh
50%
What term was historically used to refer to Muslims that lived in North Africa?Moors
50%
Who is considered the father of modern-day Turkey?Mustafa Kemal Atatürk
50%
What is the collective name of Horeshoe Falls, American Falls, and Bridal Veil Falls?Niagara Falls
50%
What are the Fertile grasslands in Northern Argentina called?Pampas
50%
What mountain range separates Spain from France?Pyrenees
50%
What is the traditional Alcoholic beverage made from fermented rice?Sake
50%
Which animal had a population of 70 million in 1982?Sheep
50%
What Element is named After Argentina?Silver
50%
Who are the Little blue comic figures from Belgium?Smurfs
50%
What is the National Sport of Japan?Sumo
50%
What beverage is Kenya the 3rd Largest producer of?Tea
50%
From which Disaster did Indonesia suffer 130,000 deaths in 2004?Tsunami
50%
Which is the Longest river in European Russia?Volga
50%
Which desert made in grid-shaped irons is popular in Belgium?Waffle
50%
Which Desert which comprises the southern half of Israel?Negev
47%
According to The Bible ,which body of water did Jesus walk on?Sea of Galilee
47%
What is the Currency of Israel?Shekel
47%
What river is considered to be the “cradle of civilization” of the Indian subcontinent?Indus
46%
What Dutch scientist was the first person to see single-cell organisms?Antonie van Leeuwenhoek
45%
Which is the Longest river by length within France?Loire
45%
What former Portuguese colony returned to China in 1999?Macau
45%
Who was the successor of the above, appearing in the Bible under the name Ahasuerus?Xerxes
45%
Who is the Current President?Jair Bolsonaro
44%
What large desert is located in the northern part of South Africa?Kalahari
44%
What is the most populous city that sits on the above?Manaus
44%
What is the Currency of Brazil?Real
44%
What branch of Islam do most of the Hazara people belong to?Shia
44%
Which country invaded Afghanistan in 1979?Soviet Union
44%
What ocean gulf does Nigeria border?Gulf of Guinea
43%
Who is considered as the father of Mexico?Miguel Hidalgo
43%
What is the longest river in Nigeria?Niger
43%
Which Communist faction came to power in 1917?Bolsheviks
42%
What style of music ,which shares it's name with a sauce,is based on Cuban traditions?Salsa
42%
What is the Second-most populous city?Chittagong
40%
What was the last Muslim city in Spain?Granada
40%
What is the Most populous coastal city?Mombasa
40%
What is the Tallest mountain in Kenya?Mount Kenya
40%
What is the Second most populous urban area of Japan?Osaka
40%
What city hosts the festival of San Fermín, famous for its running of the bulls?Pamplona
40%
What is the Currency of Kenya ?Shilling
40%
Which country with a population > 5 million is more densely populated than Bangladesh?Singapore
40%
What is the name of Israel's Legislature?The Knesset
40%
Which Animal is depicted on the coat of Arms of 8 Belgian Provinces?Lion
39%
What is the French Speaking Region of Belgium called?Wallonia
39%
What is Ethiopia's official language?Amharic
38%
What is the largest city on New Zealand's South Island?Christchurch
38%
Which Tassled red hat is popular among Turks?Fez
38%
Which monotheistic Religion was founded in North India in 1500 AD?Sikhi
38%
Which popular Dance form originated in Argentina?Tango
38%
What ancient city was the site of Homer's "Iliad"?Troy
38%
What type of curved stick was used by Aboriginal Australians to hunt small prey?Boomerang
36%
Which Dynasty was the above king part of?Bourbon
36%
Who ruled the Persian empire at its greatest extent around 500 BC
when it ruled over more than 40% of the world's population?
Darius
36%
Which State is Brisbane the Capital of?Queensland
36%
What religion / philosophical tradition follows the teachings of Laozi?Taoism
36%
Which Landmark also known as Ayers Rock?Uluru
36%
What is Canada's largest island?Baffin
33%
Which Country was part of Pakistan until 1971?Bangladesh
33%
Which Island is the Pygmy Elephant native to?Borneo
33%
Which of the Roman emperors conquered northern parts of Morocco in about 44 AD?Claudius
33%
What is the second most populous city in Afghanistan?Kandahar
33%
Which English County is closest to France?Kent
33%
Which Space dog became the first animal to orbit Earth in 1957?Laika
33%
Who is the Current king of Morocco?Mohammed VI
33%
What is the Highest mountain in Russia?Mount Elbrus
33%
What is The Currency of Indonesia?Rupiah
33%
What is the capital of the state of Bahia?Salvador
33%
What was the name of the border conflict with Algeria in the 1960's?Sand War
33%
Who was The First President of Indonesia?Sukarno
33%
What language has about 40 million native speakers around Indonesia?Sundanese
33%
Which Moroccan city used to have an international zone from 1924 to 1956?Tangier
33%
In Which Olympic event does Eliud Kipchoge holds the world record?Marathon
30%
What walled city is the most populous urban area in northern Nigeria?Kano
29%
What general raided the southern U.S. in the early 1900s?Pancho Villa
29%
Who is considered to be the first European to reach Tasmania?Abel Tasman
27%
What name is given to the first people that inhabited Australia?Aborigines
27%
What is The National Sport of Iran?Freestyle Wrestling
27%
What was the currency of the Netherlands before it was replaced by the Euro?Guilder
27%
What major international organization is located in that city?African Union
25%
What city in Ethiopia was the center of an empire that last from 100 AD - 940 AD?Aksum
25%
What is the name of the peninsula on which most of Turkey is situated?Anatolia
25%
Who , alongside Tenzing Norgay was the first to have reached the summit of Mount Everest?Edmund Hillary
25%
What is the the largest waterfall system in the world located between Argentina and Brazil?Iguazú
25%
Which language has the second most native speakers in the nation after Spanish?Italian
25%
What is the highest mountain in Turkey?Mount Ararat
25%
Which is the longest River?Severn
25%
What city has been called the "world's greatest open-air museum"?Luxor
23%
What empire, led by Ashoka, controlled nearly the entire subcontinent in the 200s BC?Mauryan Empire
23%
What is The National Song of India?Vande Mataram
23%
What is the currency of Afghanistan?Afghani
22%
What political party has dominated South Africa since 1994?African National Congress
22%
What country shares the shortest border with Afghanistan?China
22%
What is the most populous city in the province of KwaZulu-Natal?Durban
22%
What mountain range covers central Afghanistan?Hindu Kush
22%
What is South Africa's longest river?Orange
22%
What is the name of the dominant ethnic group of Afghanistan?Pashtuns
22%
What warrior-king led the Zulu kingdom to a period of expansion in the early 1800s?Shaka
22%
Which Type of disaster killed at least 50,000 people in 1582, 1699, 1822,
1847, 1876, 1970, and 1991?
Cyclone
20%
What is the former name of the above?Edo
20%
Who is the current king of Spain?Felipe VI
20%
Who is known as the founding father of Kenya?Jomo Kenyatta
20%
What is The Currency of Bangladesh?Taka
20%
What northern city was hit by Japanese air raids during WWII?Darwin
18%
What is the informal name of the northeasternmost part of China?Manchuria
18%
What is The Religious Capital of Iran?Qom
18%
What is Canada's oldest National Park?Banff
17%
What is The National Sport of Pakistan?Hockey
17%
Which Former Cricketer is the Current Prime Minister of Pakistan?Imran Khan
17%
Which is the Longest River in Pakistan?Indus
17%
What is The Most common male name in Belgium?Jean
17%
What is The National animal of IndonesiaKomodo Dragon
17%
What is The Capital of The Punjab State?Lahore
17%
What is the tallest mountain in Canada?Mount Logan
17%
What is the Second Largest city in Cuba?Santiago de Cuba
17%
What is the capital of British Columbia?Victoria
17%
What former independent country existed in southeastern Nigeria between 1967–1970?Biafra
14%
What is the Currency of Nigeria?Naira
14%
What is the highest Mountain in Argentina?Aconcagua
13%
What is the currency of Ethiopia?Birr
13%
What is the name of the second most populated city in Argentina?Córdoba
13%
Which physicist is known as the father of nuclear physics?Ernest Rutherford
13%
What is New Zealand's largest lake?Lake Taupo
13%
What is New Zealand's tallest mountain?Mount Cook
13%
Which river makes most of the Argentine border with Brazil?Uruguay
13%
What cape is Africa's southernmost point?Cape Agulhas
11%
What mountain range is located between the borders of South Africa and the above?Drakensberg
11%
Which Trench Runs Through Kenya?Great Rift Valley
10%
What killed 28–31 people building a railroad over the Tsavo river in 1898?Lions
10%
What is the Japanese name for Japan?Nihon
10%
What is the National Animal of Egypt?Steppe Eagle
8%
What is The Largest State of Pakistan(by area)?Balochistan
0%
What is the National Sport of Afghanistan?Buzkashi
0%
Which is the Longest river in Cuba?Cauto
0%
What is The National Flower of Pakistan?Jasmine
0%
What is the Longest River in Indonesia called?Kapuas
0%
Who was the Canadian Prime Minister during World War II?Mackenzie King
0%
Who is known as the founding father of Pakistan?Muhammad Ali Jinnah
0%
What is the Most Popular Language of Pakistan?Punjabi
0%
Who was the longest-serving prime minister of Australia?Robert Menzies
0%
What is the National Animal of Afghanistan?Snow Leopard
0%
Which Strait separates Cuba and Haiti?Windward Passage
0%

Score Distribution

Percentile by Number Answered

Percent of People with Each Score

Your Score History

You have not taken this quiz since the last reset